| 000 | 00480nam a2200181Ia 4500 | ||
|---|---|---|---|
| 005 | 20250508150610.0 | ||
| 008 | 008 250505s9999 xx 000 0 eng d | ||
| 037 | _aTextual | ||
| 040 |
_aFEDL _beng _cFEDL |
||
| 041 |
_aeng _2eng |
||
| 084 |
_a901, YUT _qFEDL |
||
| 100 | _aYutang Lin Ed. | ||
| 245 | 0 | _aWisdom of China and India | |
| 260 |
_aNew York, USA _bRandom House _c1942 |
||
| 300 | _axiii,1104p | ||
| 942 |
_cTEXL _h901, YUT |
||
| 999 |
_c1324489 _d1324489 |
||